000 00439cam a2200145 4500500
005 20251012010747.0
041 _afre
042 _adc
100 1 0 _aMichaud, Yves
_eauthor
245 0 0 _aDe la corruption
260 _c2010.
500 _a71
786 0 _nPhilosophie magazine | 42 | 9 | 2010-09-01 | p. 3-3 | 1951-1787
856 4 1 _uhttps://shs.cairn.info/magazine-philosophie-magazine-2010-9-page-3?lang=fr&redirect-ssocas=7080
999 _c1520523
_d1520523